Субарктика : (Record no. 477440)
[ view plain ]
| 000 -LEADER | |
|---|---|
| fixed length control field | 00703nam-a2200193-a-4500 |
| 001 - CONTROL NUMBER | |
| control field | 000195246 |
| 003 - CONTROL NUMBER IDENTIFIER | |
| control field | AM-YeHGA |
| 005 - DATE AND TIME OF LATEST TRANSACTION | |
| control field | 20250617161804.0 |
| 008 - FIXED-LENGTH DATA ELEMENTS--GENERAL INFORMATION | |
| fixed length control field | 990429s1946 xxu 000 0 rus u |
| 020 ## - INTERNATIONAL STANDARD BOOK NUMBER | |
| Terms of availability | 10.10 |
| 040 ## - CATALOGING SOURCE | |
| Original cataloging agency | AM-YeHGA |
| 090 ## - LOCALLY ASSIGNED LC-TYPE CALL NUMBER (OCLC); LOCAL CALL NUMBER (RLIN) | |
| -- | 480738 |
| 100 1# - MAIN ENTRY--PERSONAL NAME | |
| Personal name | Григорьев, А.А. |
| 245 10 - TITLE STATEMENT | |
| Title | Субарктика : |
| Remainder of title | Опыт характеристики основных типов физико-географической среды / |
| Statement of responsibility, etc. | А.А. Григорьев ; АН СССР. Ин-т географии. |
| 260 ## - PUBLICATION, DISTRIBUTION, ETC. | |
| Place of publication, distribution, etc. | Л., |
| -- | Москва : |
| Name of publisher, distributor, etc. | АН СССР , |
| Date of publication, distribution, etc. | 1946. |
| 300 ## - PHYSICAL DESCRIPTION | |
| Extent | 171 с. |
| 650 14 - SUBJECT ADDED ENTRY--TOPICAL TERM | |
| Topical term or geographic name entry element | Геология |
| 710 2# - ADDED ENTRY--CORPORATE NAME | |
| Corporate name or jurisdiction name as entry element | Ин-т географии АН СССР |
| Withdrawn status | Lost status | Damaged status | Not for loan | Collection | Home library | Current library | Date acquired | Total checkouts | Full call number | Barcode | Date last seen | Price effective from | Koha item type | Public note | Source of classification or shelving scheme |
|---|---|---|---|---|---|---|---|---|---|---|---|---|---|---|---|
| General | Fundamental Scientific Library | Fundamental Scientific Library | 24/10/2018 | РД III/10531 | FL0519480 | 24/10/2018 | 24/10/2018 | Գրքեր / Books | 30 Days Loan | ||||||
| General | Fundamental Scientific Library | Fundamental Scientific Library | 08/05/2019 | РД III/15125 | FL0577380 | 08/05/2019 | 08/05/2019 | Գրքեր / Books | 30 Days Loan | Universal Decimal Classification | |||||
| General | Fundamental Scientific Library | Fundamental Scientific Library | 08/05/2019 | РД III/15126 | FL0577381 | 08/05/2019 | 08/05/2019 | Գրքեր / Books | 30 Days Loan | Universal Decimal Classification | |||||
| General | Fundamental Scientific Library | Fundamental Scientific Library | 13/05/2019 | РД III/15296 | FL0577753 | 13/05/2019 | 13/05/2019 | Գրքեր / Books | 30 Days Load | Universal Decimal Classification | |||||
| General | Fundamental Scientific Library | Fundamental Scientific Library | 13/01/2021 | РIII/61550 | FL0628903 | 13/01/2021 | 13/01/2021 | Գրքեր / Books | 30 Days Loan |
ՀՀ Գիտությունների ազգային ակադեմիայի հիմնարար գիտական գրադարան = Fundamental Scientific Library of NAS RA
All site content, except where otherwise noted, is licensed under a